| 000 | 01907nam a2200409 c 4500 | ||
|---|---|---|---|
| 003 | BLK | ||
| 005 | 20231109103753.0 | ||
| 008 | 180409b bul|||||r ||||||| ||bul|| | ||
| 010 | _aKNG00135014000 | ||
| 040 | _aBLK | ||
| 041 |
_aBUL _cBUL |
||
| 080 |
_aТорове. Торене. Стимулиране растежа на растенията. Растителни стимулатори _b631.8 _x(035) _z631.8(035) |
||
| 080 |
_aБорба с болестите и вредителите на растенията _b632.9 _x(035) _z632.9(035) |
||
| 100 | 1 |
_aБогданов, Васил Тодоров _9321634 |
|
| 700 | 1 |
_aГорбанов, Стефан Петров _eсъавт. _9368592 |
|
| 139 |
_aБогданов, Васил Т. и др. _bБ 54 |
||
| 245 | 1 | 0 |
_aТорене и растителна защита в двора _bРъководство _cВасил Т. Богданов; съавт. Стефан Петров Горбанов. |
| 257 | _aBGR | ||
| 260 |
_аСофия _bЗемиздат _c1987 _fХасково : Ат. Стратиев |
||
| 300 |
_a132 с. _c20 см _e1 л. : табл. |
||
| 380 | _a63 | ||
| 490 | 1 | _aПоредица Съвети за личното стопанство | |
| 500 | _aАвт. не са отбелязани на кор. - 28 100 тир. - Библиогр. с.127-128. | ||
| 650 | 4 |
_aТорене _9173808 |
|
| 650 | 4 |
_aРастителна защита _9258069 |
|
| 653 | _aторене | ||
| 653 | _aрастителна защита | ||
| 653 | _aпестициди | ||
| 653 | _aлични стопанства | ||
| 653 | _aръководства | ||
| 852 | _aЦб 150200 | ||
| 856 | 4 |
_qpdf _u |
|
| 856 | 4 |
_qpdf _u |
|
| 942 |
_cKNG _n0 _01 |
||
| 944 |
_aCR _c15.10.2012 _lХристина Везирева _k30535 |
||
| 944 |
_aED _c15.10.2012 _l15.10.2012 - от С1,Р / 15.10.2012 _k |
||
| 999 |
_c129279 _d129279 |
||